Catálogo
 En Linea

Democracy and the korean economy / (Registro nro. 33995)

Detalles MARC
000 -CABECERA
campo de control de longitud fija 00775nam a2200217 a 4500
001 - NÚMERO DE CONTROL
campo de control 000034504
005 - FECHA Y HORA DE LA ÚLTIMA TRANSACCIÓN
campo de control 20200930073734.0
008 - DATOS DE LONGITUD FIJA--INFORMACIÓN GENERAL
campo de control de longitud fija 111005s1999 ko 000 0 spa d
020 ## - NÚMERO INTERNACIONAL ESTÁNDAR DEL LIBRO
Número Internacional Estándar del Libro 978081799552
040 ## - FUENTE DE LA CATALOGACIÓN
Centro catalogador/agencia de origen DO-SdBNP
Lengua de catalogación spa
Centro/agencia transcriptor BNPHU
245 00 - MENCIÓN DE TÍTULO
Título Democracy and the korean economy /
Mención de responsabilidad, etc. edited by Jongryn Mo and Chung-in Moon.
260 ## - PUBLICACIÓN, DISTRIBUCIÓN, ETC.
Lugar de publicación, distribución, etc. Stanford, Calif. :
Nombre del editor, distribuidor, etc. Hoover Institution Press,
Fecha de publicación, distribución, etc. 1999.
300 ## - DESCRIPCIÓN FÍSICA
Extensión 210 p. ;
Dimensiones 24 cm.
490 1# - MENCIÓN DE SERIE
Mención de serie Hoover Institution Press, Publicaction
Designación de volumen o secuencia 447
500 ## - NOTA GENERAL
Nota general Based on a symposium held at the Hoover Institution on July 2, 1996.
500 ## - NOTA GENERAL
Nota general Incluye índice
504 ## - NOTA DE BIBLIOGRAFÍA, ETC.
Nota de bibliografía, etc. Bibliografía
700 1# - PUNTO DE ACCESO ADICIONAL--NOMBRE DE PERSONA
Nombre de persona Mo, Jongryn,
Fechas asociadas al nombre 1961-
9 (RLIN) 59951
700 1# - PUNTO DE ACCESO ADICIONAL--NOMBRE DE PERSONA
Nombre de persona Moon, Chung-in.
9 (RLIN) 59952
830 #0 - PUNTO DE ACCESO ADICIONAL DE SERIE-TÍTULO UNIFORME
Título uniforme Hoover Institution Press, Publicaction
Designación de volumen o secuencia 447
9 (RLIN) 59953
Existencias
Estado de retiro Estado de pérdida Restricciones de uso No para préstamo Código de colección Localización permanente Ubicación/localización actual Ubicación en estantería Fecha de adquisición Número de inventario Total de préstamos Signatura topográfica completa Código de barras Fecha visto por última vez Precio válido a partir de Tipo de ítem Koha
      Excluido de préstamo Monografías: Libros y Folletos General General En catalogación 05.10.2011 LF1   34504-10 25.06.2020 25.06.2020 No se presta

Con tecnología Koha